|
|
|
|
| LEADER |
00000naa2a2200000 4500 |
| 001 |
428414 |
| 005 |
20231101074829.0 |
| 035 |
|
|
|a (RuTPU)RU\TPU\prd\87955
|
| 035 |
|
|
|a RU\TPU\prd\19791
|
| 090 |
|
|
|a 428414
|
| 100 |
|
|
|a 20101012a2003 k y0rusy50 ca
|
| 101 |
0 |
|
|a rus
|
| 102 |
|
|
|a RU
|
| 200 |
1 |
|
|a Исследование возможности получения минимальной длительности импульса на выходе системы излучения - приема за счет оптимизаци параметров системы
|f С. И. Коновалов, А. Г. Кузьменко
|
| 225 |
1 |
|
|a Акуситические методы
|
| 320 |
|
|
|a Библиогр.: 2 назв.
|
| 461 |
|
1 |
|0 (RuTPU)RU\TPU\prd\151
|t Дефектоскопия
|d 1965-
|
| 463 |
|
1 |
|0 (RuTPU)RU\TPU\prd\87954
|t № 6
|v С. 3-9
|d 2003
|
| 610 |
1 |
|
|a демпфер
|
| 610 |
1 |
|
|a параметры
|
| 610 |
1 |
|
|a электрические цепи
|
| 610 |
1 |
|
|a приемники
|
| 675 |
|
|
|a 620.179.16
|v 3
|
| 700 |
|
1 |
|a Коновалов
|b С. И.
|
| 701 |
|
1 |
|a Кузьменко
|b А. Г.
|
| 801 |
|
1 |
|a RU
|b 63413507
|c 20031119
|g PSBO
|
| 801 |
|
2 |
|a RU
|b 63413507
|c 20131017
|g RCR
|
| 942 |
|
|
|c BK
|